ISO 31000:2018 - otvorený systém manažérstva rizík

ISO 31000:2018 definuje riziko ako účinok neistoty na dosahovanie cieľov. Účinok je odchýlka od očakávaného. Princípy sú základom manažérstva rizík a mali by sa zvážiť pri vytváraní rámca manažérstva rizík a procesov organizácie. Proces manažérstva rizík zahŕňa systematické uplatňovanie politík a po...

ver descrição completa

Na minha lista:
Detalhes bibliográficos
Autor principal: Kliment, Juraj
Outros Autores: Šolc, Marek
Formato: Capítulo de Livro
Idioma:eslovaco
Assuntos:
Tags: Adicionar Tag
Sem tags, seja o primeiro a adicionar uma tag!

MARC

LEADER 00000naa a2200000 4500
001 0242906
005 20180516105010.3
041 0 |a slo 
044 |a SK 
245 1 0 |a ISO 31000:2018 - otvorený systém manažérstva rizík  |c Juraj Kliment, Marek Šolc 
520 |a ISO 31000:2018 definuje riziko ako účinok neistoty na dosahovanie cieľov. Účinok je odchýlka od očakávaného. Princípy sú základom manažérstva rizík a mali by sa zvážiť pri vytváraní rámca manažérstva rizík a procesov organizácie. Proces manažérstva rizík zahŕňa systematické uplatňovanie politík a postupov v oblasti komunikácie, určovania súvislostí a posudzovania, ošetrenia, kontroly a zaznamenávania rizík. ISO 31000 pomáha organizáciám rozvíjať stratégiu riadenia rizík, efektívne identifikovať a zmierňovať svoje riziká a zvýšiť ochranu svojich aktív. 
610 2 0 |a riadenie rizík 
610 2 0 |a riziko 
610 2 0 |a procesy podnikové 
610 2 0 |a normy ISO 
100 1 |a Kliment, Juraj 
700 1 |a Šolc, Marek